<?xml version="1.0" encoding="UTF-8"?><?xml-stylesheet type="text/xsl" href="static/style.xsl"?><OAI-PMH xmlns="http://www.openarchives.org/OAI/2.0/" xmlns:xsi="http://www.w3.org/2001/XMLSchema-instance" xsi:schemaLocation="http://www.openarchives.org/OAI/2.0/ http://www.openarchives.org/OAI/2.0/OAI-PMH.xsd"><responseDate>2026-04-17T06:38:30Z</responseDate><request verb="GetRecord" identifier="oai:www.recercat.cat:2445/100326" metadataPrefix="marc">https://recercat.cat/oai/request</request><GetRecord><record><header><identifier>oai:recercat.cat:2445/100326</identifier><datestamp>2025-12-05T13:04:58Z</datestamp><setSpec>com_2072_1057</setSpec><setSpec>col_2072_478798</setSpec><setSpec>col_2072_478917</setSpec><setSpec>col_2072_478921</setSpec></header><metadata><record xmlns="http://www.loc.gov/MARC21/slim" xmlns:dcterms="http://purl.org/dc/terms/" xmlns:xsi="http://www.w3.org/2001/XMLSchema-instance" xmlns:doc="http://www.lyncode.com/xoai" xsi:schemaLocation="http://www.loc.gov/MARC21/slim http://www.loc.gov/standards/marcxml/schema/MARC21slim.xsd">
   <leader>00925njm 22002777a 4500</leader>
   <datafield ind2=" " ind1=" " tag="042">
      <subfield code="a">dc</subfield>
   </datafield>
   <datafield ind2=" " ind1=" " tag="720">
      <subfield code="a">Vieta i Pascual, Eduard, 1963-</subfield>
      <subfield code="e">author</subfield>
   </datafield>
   <datafield ind2=" " ind1=" " tag="720">
      <subfield code="a">Benabarre, Antonio</subfield>
      <subfield code="e">author</subfield>
   </datafield>
   <datafield ind2=" " ind1=" " tag="720">
      <subfield code="a">Colom, Francesc, 1971-</subfield>
      <subfield code="e">author</subfield>
   </datafield>
   <datafield ind2=" " ind1=" " tag="720">
      <subfield code="a">Gastó Ferrer, Cristóbal</subfield>
      <subfield code="e">author</subfield>
   </datafield>
   <datafield ind2=" " ind1=" " tag="720">
      <subfield code="a">Nieto, E.</subfield>
      <subfield code="e">author</subfield>
   </datafield>
   <datafield ind2=" " ind1=" " tag="720">
      <subfield code="a">Otero, A.</subfield>
      <subfield code="e">author</subfield>
   </datafield>
   <datafield ind2=" " ind1=" " tag="720">
      <subfield code="a">Vallejo Ruiloba, Julio</subfield>
      <subfield code="e">author</subfield>
   </datafield>
   <datafield ind2=" " ind1=" " tag="260">
      <subfield code="c">2016-07-11T10:52:47Z</subfield>
   </datafield>
   <datafield ind2=" " ind1=" " tag="260">
      <subfield code="c">2016-07-11T10:52:47Z</subfield>
   </datafield>
   <datafield ind2=" " ind1=" " tag="260">
      <subfield code="c">1998</subfield>
   </datafield>
   <datafield ind2=" " ind1=" " tag="260">
      <subfield code="c">2016-07-11T10:52:52Z</subfield>
   </datafield>
   <datafield ind2=" " ind1=" " tag="520">
      <subfield code="a">El trastorno bipolar II, que se caracteriza por episodios depresivos graves y períodos de tiipomanía moderados que se suceden de forma espontánea, parece ser algo más que una forma leve de psicosis maníaco-depresiva. Los estudios anteriores indican que es una categoría de diagnóstico válida, diferente del transtorno bipolar I en aspectos genéticos, biológicos, clínicos y farmacológicos (Cassano et al., 1992; Menchón et al., 1993). Por estas razones, se ha distinguido como una entidad separada en el DSM-IV. No obstante, entre los diversos estudios que tratan aspectos importantes del trastorno bipolar II -como la edad de aparición, la frecuencia de los episodios y el comportamiento suicida- aparecen algunas diferencias. Ei riesgo de suicidio inherente a ambos subtipos es un tema especialmente controvertido (Lester, 1993). Algunos estudios atribuyen índices de intentos de suicidio al trastorno bipolar II. (Dunner et al., 1976; Stallone et al., 1980), pero otros no (Cassano et al., 1992; Coryell et al., 1987; Perugi et al., 1988). Además en diversos estudios sobre suicidio consumado se ha observado que los pacientes con trastorno bipolar II están sobrerrepresentados en el grupo de víctimas suicidas consecutivas (Rihmer et al., 1995). El objetivo de este estudio ha sido el de comprobar las características clínicas de los pacientes bipolares en comparación con el tipo bipolar I clásico (especialmente en relación a la conducta suicida).</subfield>
   </datafield>
   <datafield tag="653" ind2=" " ind1=" ">
      <subfield code="a">Trastorn bipolar</subfield>
   </datafield>
   <datafield tag="653" ind2=" " ind1=" ">
      <subfield code="a">Suïcidi</subfield>
   </datafield>
   <datafield tag="653" ind2=" " ind1=" ">
      <subfield code="a">Manic-depressive illness</subfield>
   </datafield>
   <datafield tag="653" ind2=" " ind1=" ">
      <subfield code="a">Suicide</subfield>
   </datafield>
   <datafield ind2="0" ind1="0" tag="245">
      <subfield code="a">Intentos de autolisis en pacientes bipolares I y II</subfield>
   </datafield>
</record></metadata></record></GetRecord></OAI-PMH>